00495 2200169 4500245011300000020002200113250001000135100002200145650001900167650002500186005001900211260004200230041001400272084000800286300002200294336000900316 aPolitical Risk b : Cara Bisnis dan Perusahaan Mengantisipasi Ketidakamanan GlobalcRice, CondoleezzahText a978-602-06-5352-5 aCet.1 aRice, Condoleezza aPolitical Risk aBusiness & Economics a20241015091224 aJakartabGramedia Pustaka Utamac2021 aIndonesia a320 a389 hlm. :cilus. atext